Sports Quiz

Random Sports or Baseball Quiz

Los Angeles Angels of Anaheim pitching WAR leaders Quiz Stats

Quiz not verified by Sporcle

Score 0/10 Timer 02:00
0 Plays Today
Years Answer % Correct
2006-2016Jered Weaver
92.5%
1972-1979Nolan Ryan
91.5%
1986-1999Chuck Finley
81.1%
2002-2009John Lackey
76.4%
1973-1980Frank Tanana
69.8%
1981-1990Mike Witt
65.1%
1990-1997Mark Langston
63.2%
1961-1966Dean Chance
60.4%
1998-2005Jarrod Washburn
55.7%
1995-2004Troy Percival
50%

You're not logged in!

Compare scores with friends on all Sporcle quizzes.
Sign Up with Email
OR
Log In

You Might Also Like...

Show Comments

Extras

Top Quizzes Today


Score Distribution

Your Account Isn't Verified!

In order to create a playlist on Sporcle, you need to verify the email address you used during registration. Go to your Sporcle Settings to finish the process.

Report this User

Report this user for behavior that violates our Community Guidelines.

Details: